| 000 | 00655cam a2200217 a 4500 | ||
|---|---|---|---|
| 020 | _a0471517682 | ||
| 040 | _cDLC | ||
| 082 | 0 | 0 | _a574 WIL 1994 A080 Or. |
| 245 | 0 | 0 | _aEffects of acid rain on forest processes / |
| 260 |
_aNew York : _bWiley-Liss, _cc1994. |
||
| 300 |
_ax, 419 p. : _bill. ; _c25 cm. |
||
| 650 | 0 | _aForest ecology. | |
| 650 | 0 | _aForest plants | |
| 650 | 0 | _aAcid deposition | |
| 650 | 0 | _aMicrobial ecology. | |
| 700 | 1 | _aGodbold, Douglas L. | |
| 700 | 1 | _aHüttermann, Aloys. | |
| 856 | 4 | 2 | _uhttp://www.loc.gov/catdir/description/wiley037/93041974.html |
| 856 | 4 | _uhttp://www.loc.gov/catdir/toc/onix02/93041974.html | |
| 942 | _cEK | ||
| 999 |
_c15805 _d15805 |
||